[Event "Turnier 40 / 120"]
[Site "Wien"]
[Date "2022.05.10"]
[Round "1"]
[White "Mephisto Magellan - SH7034 - 20 MHZ"]
[Black "Mephisto Lyon 68020 - 12 MHZ"]
[Result "1-0"]
[BlackElo "2180"]
[WhiteElo "2231"]

{Analysetool ----> Komodo 12.1.1.} 1. e4 Nf6 2. e5 Nd5 3. c4 Nb6 4. d4 d6
5. exd6 cxd6 6. Nc3 {Buchende} g6 7. Nf3 {Buchbewertung Mephisto Magellan:
-0,1} Bg7 {Buchende} 8. b3 O-O {Buchbewertung Mephisto Lyon 68020: 0,00 /
lt. Komodo ist die Stellung etwa gleich} 9. Be2 Nc6 10. Bb2 Bf5 11. O-O
{etwas besser ist d5, die Stellung ist im Lot} e6 12. Rc1 d5 13. Ba3 Re8
14. Nb5 Nc8 15. cxd5 exd5 16. Re1 a6 17. Nc3 Bh6 18. Ra1 Qa5 19. Bxa6? {ein
schwacher Zug, danach ist Schwarz bereits klar im Vorteil, Komodo +1,10 mit
der Fortsetzung Se7, deutlich besser ist Lc1 mit ca. +0,30 für Schwarz}
Nb6? {damit ist allerdings kein Blumentopf zu gewinnen, danach ist die
Stellung wieder im Lot} 20. Bxb7 Qxc3 21. Bc5 Bc2 22. Bxa8 Rxa8 23. Rc1
Bxd1 24. Rxc3 Bxf3 25. Rxf3 {besser ist Lxb6} Nd7 26. a4 Bg7 {besser ist
Sxc5, Komodo +0,60 für Weiss mit der Fortsetzung Tfe3} 27. Rd1? {ein
schwacher Zug, damit wechselt der Vorteil wieder auf die Seite von Schwarz,
Komodo +0,60 mit der Fortsetzung Sxc5} Nf8 {auch nicht ideal, die Stellung
ist wieder im Lot, Komodo 0,00} 28. h3 Ne6 29. Kf1 Rb8 30. Bd6 Re8 31. Bc5
Ncxd4? {ein schwacher Zug, danach ist Weiss im Vorteil, Komodo +0,80 mit
der Fortsetzung Lxd4, besser sind entweder Tb8 oder Lf8 beides mit
Ausgleich} 32. Bxd4 Nxd4 33. Rfd3 Ne6 {besser ist Tb8} 34. Rxd5 Rb8 35. Rb1
Rb4 36. a5 Bd4 37. a6 Nc7 {deutlich besser sind Kf8 oder Kg7, Komodo -1,70}
38. Rd6 Kg7 39. Rc6 Ne6 40. Rc4 Rb8 41. Rd1? {Magellan verwirft leider im
letzten Moment den Gewinnzug b4 zu Gunsten des Textzuges, der den Gewinn
sehr erschwert, Komodo nur noch +1,10 für Weiss mit der Fortsetzung Txb3,
b4 hätte er bereits mit +2,10 bewertet} Ra8 {deutlich schwächer als Txb3,
Komodo +1,50 mit der Fortsetzung Tc6} 42. Rcxd4 Nxd4 43. Rxd4 Rxa6 44. Ke2
Ra3 45. Rd3 Ra1 46. Rd8? {ein ganz schwacher Zug, Weiss hätte natürlich
verhindern müssen, dass sich der schwarze Turm hinter den Freibauern
klemmt, nötig war Td1, nach dem Textzug ist der Gewinn extrem erschwert,
Komodo nur noch +0,60 für Weiss, lt. Stockfish 15 ist es praktisch schon
Remis, der sieht hier Weiss nur noch mit +0,04 im Vorteil} Rb1 {na klar}
47. Rb8 Rb2+ 48. Ke3 Kf6 49. b4 h5 50. Rb5 Ke7 51. g3 Kd6 52. Rb7 Kd5? {Ja
unsere Oldies und Turmendspiele das ist halt so eine Sache, das ist
natürlich für jeden menschlichen Spieler offensichtlich, dass dies ein
Katastrophenzug ist, der sofort gegen die Fortsetzung Txf7 verliert, Komodo
+1,90, nötig war natürlich f6 und es ist Remis (Stockfish 15 bewertet
innerhalb der ersten Sekunde bereits mit +8,00)} 53. Rxf7! {der Magellan
ergreift die Chance} Rxb4 54. Rg7 Re4+ 55. Kf3 Re6 56. Kf4 Rb6 57. Kg5 Ke4
58. Rxg6 Rb5+ 59. Kh4 Kf3 60. Rf6+ Kg2 61. g4 hxg4 62. hxg4 Rb4 63. Kh5 Kh3
64. Rf3+ Kg2 65. Rf8 Rb1 66. g5 Rh1+ 67. Kg6 Rb1 68. Kh7 {Userentscheid:
1-0} 1-0
[/pgn]

[pgn]

[Event "Turnier 40 / 120"]
[Site "Wien"]
[Date "2022.05.10"]
[Round "2"]
[White "Mephisto Lyon 68020 - 12 MHZ"]
[Black "Mephisto Magellan SH7034 - 20 MHZ"]
[Result "0-1"]
[BlackElo "2231"]
[WhiteElo "2180"]

{Analysetool -----> Komodo 12.1.1.} 1. Nf3 d5 2. d4 Nf6 3. c4 e6 4. Bg5 Be7
5. Nc3 O-O 6. cxd5 {Buchende} exd5 7. e3 {Buchbewertung Mephisto Lyon
68020: +0,33} Bf5 {Buchende} 8. Bxf6 Bxf6 {Buchbewertung Mephisto Magellan:
-0,8 / lt. Komodo steht Weiss besser mit ca. +0,60} 9. Qb3 b6? {ein
Verlustzug, damit ist die Partie bereits 2 Züge nach Buchende verloren Zug,
Komodo +1,50 für Weiss, nötig war c6 mit ca. +0,60 für Weiss} 10. Nxd5
{deutlich schwächer als Dxd5, aber Weiss bleibt klar im Vorteil, Komodo
+1,00} Be4 11. Nxf6+ Qxf6 12. Be2 c5 13. dxc5 bxc5 14. Rd1 {deutlich besser
sind Tc1 oder 0-0, Komodo +0,80 für Weiss} Nc6 15. Qc3 Rab8 {besser ist
Dxc3, Komodo +1,00 mit der Fortsetzung Dxf6} 16. Qxf6 gxf6 17. b3 {besser
ist Td2} Nb4 18. Bc4 {immer noch war Td2 die bessere Wahl} Nxa2 19. Nd2
{besser sind Ta1 oder 0-0, Komodo +0,60 für Weiss} Bb7 20. Ra1 Nc3 21. Rxa7
{deutlich schwächer als 0-0, spätestens spätestens nach diesem Zug ist
Schwarz zurück in der Partie, Komodo nur noch -0,30 mit der Fortsetzung
Tfd8} Rfd8 22. Ra1 Bd5! {die beste Fortsetzung, die Stellung ist bereits im
Lot, Komodo 0,00} 23. Bxd5 Rxd5 24. Nf3 Rxb3 25. O-O Rb2 26. Ra3 Ne2+ 27.
Kh1 c4 28. Ng1! {der richtige Zug, die Stellung ist Remis, Komodo 0,00}
Rdd2 29. Nxe2 Rxe2 30. Kg1 Rec2 31. Ra7 h6 32. Rc7 f5 33. Rc5 c3 34. h4 Kg7
35. g3 Kg6 36. Rc6+ Kg7 37. Rc7 Ra2 38. Kg2 Ra6 39. Kf3 Ra4 40. Rc5 Kg6 41.
Rh1 Ra6 42. Rc7 Rb6 43. h5+ Kf6 44. Rh4 Rbb2 45. Rh2 Rc1 46. Rc6+ Kg7 47.
Kg2? {diese Partie ist wieder einmal ein Beispiel, dass man nicht zu früh
abbrechen soll, ich war hier echt schon nahe dran es Remis zu geben und
dann macht der Lyon 68020 doch noch diesen spielentscheidenden Fehler,
danach ist die Partie sofort verloren, Komodo +3,20 mit der Fortsetzung f4,
nötig war Kf4 und es ist Remis} f4! {der Magellan ergreift die Chance, der
richtige Zug !} 48. gxf4 c2 49. f5 Ra1 50. f6+ Kh7 51. Kf3 c1=R {ein
Spassvogel, der Magellan, der hier einen Turm nimmt !} 52. Rxc1 Rxc1 53.
Rg2 Rb7 54. Rg7+ Kh8 55. e4 Rc5 56. Kg4 Re5 57. Kf4 Rxh5 {Userentscheid:
0-1} 0-1
[/pgn]

[pgn]

[Event "Turnier 40 / 120"]
[Site "Wien"]
[Date "2022.05.11"]
[Round "3"]
[White "Mephisto Magellan SH7034 - 20 MHZ"]
[Black "Mephisto Lyon 68020 - 12 MHZ"]
[Result "1/2-1/2"]
[BlackElo "2180"]
[WhiteElo "2231"]

{Analysetool -----> Komodo 12.1.1.} 1. d4 c6 2. e4 d5 3. Nc3 dxe4 4. Nxe4
Nd7 5. Nf3 Ngf6 6. Ng3 e6 7. Bc4 {Buchende} c5 {Buchende} 8. O-O
{Buchbewertung Mephisto Magellan: +0,1} cxd4 {Buchbewertung Mephisto Lyon
68020: -0,21 / lt. Komodo steht Weiss etwas besser mit ca. +0,40} 9. Nxd4
Bc5 10. Nb3 O-O {ein schwacher Zug, deutlich besser ist Le7 mit Ausgleich,
nach dem Textzug ist Weiss bereits mit ca. +1,00 im Vorteil} 11. Nxc5 Nxc5
12. Bg5 {besser ist De2, Komodo +0,50 für Weiss} Ncd7 13. Ne4 Qb6?
{deutlich schwächer als h6, Komodo +1,40 mit der Fortsetzung Sxf6+} 14.
Nxf6+ Nxf6 15. Bxf6 gxf6 16. Bb3 {deutlich schwächer als Dg4+, Komodo +0,90
für Weiss} Rd8 17. Qf3 Kg7 18. Rad1 Rxd1? {weniger gut, damit hat der
schwarze Läufer in der Folge Entwicklungsprobleme, da der weisse Turm auf
der offenen Linie das Feld d7 angreift, deutlich besser ist Ld7, nach dem
Textzug ist die Partie praktisch schon verloren, Komodo -1,70} 19. Qg4+ Kf8
20. Rxd1 Qa5? {mit diesem Zug ist die Niederlage für Schwarz besiegelt,
Komodo +4,50 mit der Fortsetzung h3, weit mehr Widerstand bot noch e5 mit
ca. +2,00 für Weiss} 21. h3 h6? {der Lyon 68020 ist mit dieser Stellung
hoffnungslos überfordert, es ist ohnehin verloren, aber auch dieser Zug ist
nochmals um 3 Bauerneinheiten schwächer als Db6, Komodo -7,50 mit der
Fortsetzung Df4, nichts desto trotz ist noch Vorsicht geboten für Weiss,
denn der Magellan ist natürlich kein Komodo, der sieht sich nämlich erst
mit +0,5 im Vorteil, da kann von einem klaren Gewinn noch keine Rede sein.}
22. Qg3 {klar schwächer als Df4, aber natürlich reicht auch das noch leicht
zum Gewinn, Komodo +5,00} a6 {Mephisto Lyon 68020: -1,00} 23. Rd3? {Mehisto
Magellan: +1,5, das ist allerdings ein Katastrophenzug für Weiss, um ganze
5 Bauernheiten !! schlechter als Dd6+, damit hat Schwarz die Möglichkeit,
die Stellung zu entschärfen mit dem Manöver De1+, Kh2, De5, aber man muss
sagen, die Stellungsbewertung des Magellan ist hier trotzdem zutreffend,
denn auch Komodo sieht noch klaren Vorteil für Weiss mit ca. +2,00} Qe1+
24. Kh2 Qe5 25. Rd8+ Ke7 26. f4! {der richtige Zug, ganz schlecht wäre der
vom Lyon 68020 erwartete Zug, Dxe5 gewesen, danach wäre die Stellung
bereits im Lot gewesen, hier hat der Magellan auch etwas Glück, denn er
bewertet Dxe5 bis knapp vor Ende seiner Berechnung mit +1,3 und im letzten
Augenblick findet er den Textzug mit +1,4, also eine Zehntel-Entscheidung
an dieser Stelle, nach dem Textzug bleibt Weiss klar im Vorteil, Komodo
+2,00} Qe4 27. Qg8! {ein starker Zug vom Magellan, der sich den F-Bauern
mit Schach nehmen lässt, dafür aber gewinnbringenden Angriff erhält, hier
ist die Partie praktisch wieder gewonnen für Weiss, Komodo +2,50} Qxf4+ 28.
Kg1 f5 29. Qe8+ Kf6 30. Qh8+ Ke7 31. Rxc8? {verschenkt auf einen Schlag den
Sieg, nach diesem unglücklichen Figurenraub kann Weiss nicht mehr aus dem
Schach entkommen, Komodo 0,00, gewonnen hätte Df8+} Qc1+ 32. Kf2 Qf4+ 33.
Ke2 Rxc8 34. Qxc8 Qe4+ 35. Kf2 Qd4+ 36. Ke1 Qg1+ 37. Ke2 Qxg2+ 38. Ke1 Qh1+
39. Kd2 Qg2+ 40. Kd1 Qf3+ 41. Kc1 Qh1+ 42. Kd2 Qg2+ 43. Kd1 Qf3+ 44. Kd2
Qg2+ {Stellungswiederholung} 1/2-1/2
[/pgn]

[pgn]

[Event "Turnier 40 / 120"]
[Site "Wien"]
[Date "2022.05.11"]
[Round "4"]
[White "Mephisto Lyon 68020 - 12 MHZ"]
[Black "Mephisto Magellan SH7034 - 20 MHZ"]
[Result "1-0"]
[BlackElo "2231"]
[WhiteElo "2180"]

{Analysetool ------> Komodo 12.1.1.} 1. c4 c6 2. d4 d5 3. Nc3 Nf6
{Buchende} 4. cxd5 cxd5 5. Nf3 Nc6 {Mephisto Magellan wieder im Buch} 6.
Bf4 e6 7. e3 Be7 8. Bd3 O-O 9. O-O Nh5 10. Be5 {Buchende} f5 {Buchende} 11.
Nb5 {Buchbewertung Mephisto Lyon 68020: +0,54} a6 {Buchbewertung Mephisto
Magellan: -0,4 / lt. Komodo steht Weiss knapp besser mit ca. +0,30} 12. Bc7
Qe8 13. Nc3 b5 {klar schwächer als Ld7, Komodo +0,70 für Weiss mit der
Fortsetzung a4} 14. Rc1 Bb7 15. Ne5 Rc8 16. Nxc6 Bxc6 17. Be5 Nf6 18. h3
Bb7 19. Ne2 Qf7 20. Rxc8 Rxc8 21. a4 b4 22. a5 Nd7 23. Bf4 Nf6 24. Qa4 Qe8
25. Qxe8+ Nxe8 26. Rc1 Bd8 27. Ra1 h5 28. Be5 g5? {ein schwacher Zug,
danach ist Weiss bereits klar im Vorteil, Komodo +1,20 mit der Fortsetzung
g4, deutlich besser ist Kf7} 29. h4 {deutlich schwächer als g4, Komodo
+0,60 für Weiss} gxh4 30. Nf4 Rc6? {ein schwacher Zug, hier bietet sich
wieder die Chance für Weiss klar in Vorteil zu kommen, Komodo +1,00 mit der
Fortsetzung Ta4, nötig war Kf7} 31. Nxh5 {klar schwächer als Ta4, Komodo
-0,30 mit der Fortsetzung Kf7} Kf7 32. Kf1 Kg6? {das bringt gar nichts,
vertreibt den Springer in eine bessere Position, ein reiner Tempoverlust,
Komodo -1,00, klar vorzuziehen war Sd6} 33. Nf4+ Kf7 {reumütig kehrt der
Monarch zurück} 34. Be2! {ein starker Zug des Mephisto Lyon 68020, die
beste Fortsetzung macht das starke Feld d3 für den Springer frei, Komodo
+1,20} Nf6 35. Nd3 Be7 36. Rc1 {klar schwächer als Lf4, Komodo +0,80 für
Weiss} Rc4 37. Kg1 {besser ist Lf4, Komodo -0,40 mit der Fortsetzung Se4}
Ng4 {deutlich schwächer als Se4, Komodo +1,20 mit der Fortsetzung Lf4} 38.
Bf4 Ke8? {der König gehört nach g7, Komodo sieht hier Weiss erst mit +1,00
im Vorteil, lt. Stockfish 15 ist das bereits ein absoluter Verlustzug, er
bewertet hier die Fortsetzung f3 bereits mit +4,00} 39. Kf1 Kf8 {deutlich
schwächer als Sf6, Komodo -1,30} 40. Rb1 Rc2 41. Ne1 Rc6 42. Bd3 {Mephisto
Lyon 68020: +0,54 / Komodo +1,20} Ke8 {Mephisto Magellan: -0,2 ist hier
noch recht entspannt} 43. Nf3 Bd8 44. Ra1 Ba8? {deutlich besser ist Lc8,
nach dem Textzug ist die Partie praktisch verloren, Komodo +1,80 mit der
Fortsetzung Ke2} 45. Bg5? {auch nicht ideal, Komodo -1,10 mit der
Fortsetzung Lxg5} Nh2+ 46. Nxh2 Bxg5 47. Nf3 Bf6 48. Ne5 {deutlich
schwächer als Ke2, Komodo -0,80 mit Fortsetzung Lxe5} Bxe5 49. dxe5 Rc5 50.
Bxa6 Rc2 51. b3 Rc3 52. Bb5+ Kf7 53. Ba4 Bb7? {dieser an und für sich
logisch aussehende Zug ist ein absoluter Verlustzug, danach ist die Partie
verloren, Komodo -1,60 / Stockfish 15 bereits -4,50, nach d4 hätte Schwarz
noch gute Remischancen gehabt} 54. Kg1? {aber leider auch vom Mephisto Lyon
68020 eine ganz schlechte Fortsetzung, die den Sieg in Gefahr bringt,
Komodo nur noch -0,80 mit der Fortsetzung h3 (lt. Stockfish 15 wäre die
Stellung mit der Fortsetzung d4 fast schon ausgeglichen)} h3 55. gxh3 d4
56. Rd1 dxe3? {verliert die Partie sofort gegen die Fortsetzung Td7+,
deutlich mehr Widerstand bot d3} 57. fxe3 {klar schwächer als Td7+, Weiss
bleibt aber deutlich im Vorteil.} Bd5 58. a6 Rxe3? {etwas Widerstand bot
noch Tc5, was der Mephisto Lyon 68020 auch vorgeschlagen hätte, der Textzug
ist natürlich für jeden menschlichen Spieler sofort ersichtlich, dass es
ein Freitod ist und sofort gegen die Fortsetzung Txd5 verliert, Komodo
-8,00, aber zum Trost natürlich verliert auch Tc5, das kann aber nicht über
diesen MEGABOCK hinwegtrösten, Naja hier hat das Morsch-Endspiel erstmals
zugeschlagen.} 59. Rxd5! {Da lässt sich der Mephisto Lyon 68020 kein 2x
bitten !!!, Userentscheid: 1-0} 1-0
[/pgn]

[pgn]

[Event "Turnier 40 / 120"]
[Site "Wien"]
[Date "2022.05.12"]
[Round "5"]
[White "Mephisto Magellan SH7034 - 20 MHZ"]
[Black "Mephisto Lyon 68020 - 12 MHZ"]
[Result "0-1"]
[BlackElo "2180"]
[WhiteElo "2231"]

{Analysetool ------> Komodo 12.1.1.} 1. d4 d5 2. Nf3 c6 3. c4 Nf6 4. Nc3
dxc4 5. a4 Na6 6. e4 Bg4 7. Bxc4 e6 8. Be3 {Buchende} Nb4 9. O-O
{Buchbewertung Mephisto Magellan: 0,0} Be7 {Buchende} 10. Rc1 O-O 11. Qe2
h6 {Mephisto Lyon 68020 wieder im Buch} 12. Rfd1 Qa5 {Buchende} 13. h3 Bh5
{Buchbewertung Mephisto Lyon 68020: -0,15 / lt. Komodo steht Weiss etwas
besser mit ca. +0,70} 14. Rd2 Qc7 15. g3 Rad8 16. Bf4 Qa5 17. Rcd1?
{deutlich besser ist g4, nach dem Textzug ist die Stellung im Lot} c5?
{dieser Zug führt allerdings nicht zum Ausgleich für Schwarz, dafür war g5
nötig, nach dem Textzug ist Weiss klar im Vorteil, Komodo +0,90 mit der
Fortsetzung g4} 18. d5? {beide Geräte verstehen diese komplizierte Stellung
nicht, nach dem Textzug ist der Vorteil wieder dahin, hier beende ich
vorläufig die Kommentierung} exd5 19. exd5 Bd6 20. Be3 Rfe8 21. Bb5 Re7 22.
Bc4? {deutlich besser ist g4, nach dem Textzug ist die Partie bereits
verloren für Weiss, Komodo +1,50 mit der Fortsetzung Dc7} Qc7! 23. Kg2 Qd7
24. Bb3? {der nächste grobe Fehlgriff, danach ist es schon ganz vorbei für
Weiss, Komodo +2,80 mit der Fortsetzung Sh7, deutlich mehr Widerstand bot
noch Lb5 mit ca. +1,50 für Schwarz} b6 25. Bc4? {zeigt die ganze
Hilflosigkeit von Weiss, der Läufer kehrt zurück, Komodo +2,50 mit der
Fortsetzung Se4} Qf5 {deutlich schwächer als Se4, Schwarz steht aber klar
auf Gewinn, Komodo +1,50} 26. Bb3? {na klar, war ja fast zu erwarten, Weiss
fällt einfach nichts mehr ein, deutlich mehr Widerstand bot noch Tg1, nach
dem Textzug ist wieder alles vorbei, Komodo +3,00 mit der Fortsetzung Dg6}
Ne4 {etwas schwächer als Dg6, reicht aber völlig aus zum Gewinn, Komodo
+2,40} 27. Nxe4 Rxe4 28. Rc1 {noch das Beste rettet Weiss aber auch nicht
mehr, Komodo -2,00} Bb8 {klar schwächer als Dh7, Komodo -1,50 mit der
Fortsetzung Tc4} 29. Bc4? {na war ja klar, mittlerweile bereits der
Standardzug, der Läufer irrt orientierungslos hin und her, danach ist
natürlich jetzt endgültig alles vorbei, Komodo +5,00 mit der Fortsetzung
Td6 (um ganze 3 Bauerneinheiten schlechter als Tc4)} Nxd5? {das ist
allerdings ein ganz schlechter Zug, der Weiss sogar wieder Chancen
einräumt, Komodo -1,00 mit der Fortsetzung Ld3} 30. Bxd5? {aber war ja
klar, der Magellan kann einfach mit dieser Partie absolut nichts anfangen,
nach dem Textzug kann Weiss natürlich gleich wieder aufgeben, Komodo -2,30}
Rxd5 31. Rxd5 Qxd5 32. Rd1 Qc6 {eine hoffnungslose Stellung für Weiss, hier
könnte man sich den Rest schon schenken} 33. Rd8+ Re8 34. Rxe8+ Qxe8 35. a5
{ein kläglicher Versuch, die schwarze Bauernstruktur zu schädigen, darauf
pfeifft natürlich der Lyon 68020, blöd wird er sein und bxa5 spielen.} Qc6!
{bxa5 wurde vom Lyon 68020 keinen Moment in Betracht gezogen, war aber
klar, das wäre schon enttäuschend gewesen} 36. g4 Bg6 37. axb6 axb6 38.
Qd2? {es spielt zwar keine grosse Rolle mehr, aber natürlich ist auch das
ein absurder Zug, die Fesselung des Springers muss natürlich mit Kg1
aufgehoben werden, nach dem Textzug ist Schwarz bereits mit +4,50 im
Vorteil} Be5? {deutlich stärker ist Lc7, aber hier gewinnt praktisch schon
jede plausible Fortsetzung, Komodo +2,50} 39. Bf4 Bf6 40. Kg3 Be4 41. Ne1
{mehr Widerstand leistet noch g5} g5 42. Be3 Qb5 43. f3 Bb7 {schneller
gewinnt Df1, es spielt aber keine Rolle mehr} 44. f4 Qxb2 45. Qxb2 gxf4+!
{natürlich klar stärker als Lxb2, was der Magellan erwartet hätte und hier
noch ein Detail am Rande, obwohl es natürlich nichts ändert, aber der
Magellan hält diesen Zug für ganz schwach und bekommt hier quasi einen
Anfall des Größenwahns indem er diese Stellung mit nur noch -0,4 bewertet,
also das ist eigentlich nur noch unter dem Titel Absurditäten einzuordnen.}
46. Bxf4 Bxb2 {Mephisto Lyon 68020: +1,51 / Komodo +2,60} 47. Bxh6
{Magellan -1,0, ok aber auch das ist natürlich noch absurd} b5 {hier ist
zwar Lc3 etwas stärker, aber der Mephisto Lyon aktiviert eben die
Freibauern, dagegen ist nichts zu sagen, Komodo +2,30} 48. Nd3 {Magellan:
-1,9, naja jetzt fällt wenigstens der Groschen / Komodo -3,20} Bd4 49. Bf4?
{deutlich mehr Widerstand leistet Ld2, aber das ist schon bezeichnend für
die Gesamtleistung des Magellan in dieser man muss sagen fast schon
absurden Partie / Komodo -7,00 (also nochmals um ganze 4 Bauerneinheiten
schlechter als Ld2)} b4 {Userentscheid: 0-1 / Was der Magellan in dieser
Partie abliefert, speziell wie er im Mittelspiel orientierungslos mit dem
Läufer zwischen b3 und c4 hin und her pendelt ist ehrlich gesagt schon an
der Grenze des unerträglichen, eine geradezu absurde Vorstellung in dieser
Partie, von der ich hier wahrlich genug gesehen habe. LETZTKLASSIG,
entspricht meiner Meinung nach einer ELO-Leistung von maximal 2000, wenn
überhaupt.} 0-1
[/pgn]

[pgn]

[Event "Turnier 40 / 120"]
[Site "Wien"]
[Date "2022.05.12"]
[Round "6"]
[White "Mephisto Lyon 68020 - 12 MHZ"]
[Black "Mephisto Magellan SH7034 - 20 MHZ"]
[Result "1-0"]
[BlackElo "2231"]
[WhiteElo "2180"]

{Analystool -----> Komodo 12.1.1.} 1. d4 Nf6 2. c4 e6 3. Nf3 d5 4. Bg5 Be7
5. Nc3 O-O 6. e3 Nbd7 7. Rc1 c6 {Buchende} 8. a3 {Buchende} b6
{Buchbewertung Mephisto Magellan: 0,0} 9. Bd3 {Buchbewertung Mephisto Lyon
68020: +0,75 / lt. Komodo steht Weiss knapp besser mit ca. +0,20} Bb7 10.
cxd5 exd5 11. O-O Re8 12. Qc2 h6 13. Bf4 Nf8 14. Ne2 Ne6 15. Be5 c5 16. Bb5
Nd7 17. Nf4 Nxf4 18. Bxf4 a6 19. Be2 Rc8 20. Qf5 Nf6 21. Be5 Ne4 22. Rfd1
cxd4 {klar schwächer als g6} 23. Bxd4 b5 24. Bd3 Bd6 25. b4 Rc7 26. Qg4 Nf6
27. Qh4 Ne4 28. Qxd8 Rxd8 29. Rxc7 Bxc7 30. g3 Rc8 31. Nh4 g6 32. Nf3 Kf8
33. Ne5 Ke7 34. Kf1 Nd6 35. Bc5 Ke6 36. Nf3 Nc4 37. Nd4+ Kd7 38. Ra1 Be5
39. Ra2 Ba8? {ohne Worte} 40. h4 h5 41. Kg1 Nxe3? {Mephisto Magellan: -0,3
???? / ein absurder Zug, der die Partie natürlich sofort verliert, das
braucht man nicht näher zu erklären, Komodo -4,00} 42. fxe3 {Mephisto Lyon
68020 zieht innerhalb einer Sekunde mit einer sofortigen Bewertung von
+1,54, erkennt also in einer Sekunde bereits den Gewinn, der Magellan hatte
nach 3 Minuten Berechnung ein -0,3 errechnet im 9. HZ, also diese Partie
ist die nächste Groteske, genau wie die Vorrunde.} Bxg3 43. a4 bxa4 44.
Bxa6 Rb8 45. Bb5+ Rxb5 46. Nxb5 {an dieser Stelle beende ich diese
Groteske, die hier keinen Sinn mehr macht, eine Partie in der sich der
Magellan bis auf die Knochen blamiert, anders kann man es nicht ausdrücken
!!!!!} 1-0
[/pgn]

[pgn]